Four Syllable Countries Quiz Stats

 Plays Quiz not verified by Sporcle

Challenge
Share
Tweet
Embed
Score 0/48 Timer 08:00
0 Plays Today
Continent Country % Correct
South AmericaArgentina
79.6%
OceaniaAustralia
72.9%
AsiaUzbekistan
71%
AfricaSouth Africa
69.8%
AsiaTurkmenistan
68.6%
South AmericaBolivia
68.6%
AsiaAfghanistan
68.2%
AsiaIndonesia
68.2%
EuropeRomania
67.8%
South AmericaVenezuela
67.5%
South AmericaColombia
67.1%
North AmericaGuatemala
66.3%
AsiaSouth Korea
66.3%
AsiaNorth Korea
65.9%
AsiaCambodia
65.1%
AsiaMongolia
64.7%
AsiaTajikistan
64.3%
North AmericaCosta Rica
63.5%
EuropeBulgaria
63.5%
AfricaMadagascar
63.1%
EuropeSlovakia
62.4%
AfricaAlgeria
61.2%
AsiaAzerbaijan
60.8%
EuropeSlovenia
60.8%
Continent Country % Correct
EuropeAlbania
60.8%
North AmericaEl Salvador
60.4%
North AmericaDominica
60.4%
EuropeMontenegro
59.6%
AfricaNamibia
59.6%
North AmericaNicaragua
59.2%
EuropeCzech Republic
58.8%
EuropeEstonia
58.8%
AfricaSomalia
56.9%
OceaniaMarshall Islands
56.9%
AfricaNigeria
56.5%
AfricaTanzania
56.5%
OceaniaVanuatu
56.1%
EuropeSan Marino
55.7%
AfricaLiberia
54.1%
AsiaArmenia
51.8%
AfricaGuinea-Bissau
50.2%
AfricaEritrea
48.6%
OceaniaMicronesia
48.6%
AfricaTunisia
42.7%
AfricaIvory Coast
35.3%
North AmericaSaint Lucia
31%
EuropeCroatia
30.6%
AsiaTimor-Leste
26.7%

You're not logged in!

Compare scores with friends on all Sporcle quizzes.
OR
Log In

You Might Also Like...

Show Comments

Extras

Top Quizzes Today


Score Distribution

Your Account Isn't Verified!

In order to create a playlist on Sporcle, you need to verify the email address you used during registration. Go to your Sporcle Settings to finish the process.

Report this User

Report this user for behavior that violates our Community Guidelines.

Details: